| 000 | 00491nam a2200181Ia 4500 | ||
|---|---|---|---|
| 001 | 11900 | ||
| 005 | 20260306162902.0 | ||
| 008 | 260306t2019||||xx |||||||||||||| ||spa|| | ||
| 041 | _aESP | ||
| 082 |
_aHR 300 _bT. 48 N° 2 2019 BULLETIN |
||
| 110 | _aInstitut Français d´Etudes Andines | ||
| 245 | 0 | _aBulletin de I´Institut Français d´Etudes Andines | |
| 260 | _c2019 | ||
| 300 |
_apáginas 109-237, vi : _c24 cm. |
||
| 650 | _aGEN | ||
| 654 | _aCHU | ||
| 942 |
_cREV _dJUS _fJUS _2ddc _n |
||
| 999 |
_c11900 _d11900 |
||